Krepke in šibke dvojnice v skladnji

Podrobná bibliografia
Hlavný autor: Orešnik, Janez (Autor)
Médium: Kniha
Jazyk:slovinčina
Fyzický popis:207 s. 24 cm
Vydavateľské údaje: Ljubljana Slovenska akademija znanosti in umetnosti 1999
ISBN:9616242253
Edícia:Dela 50
Predmet:

MARC

LEADER 00000cam a2200000 a 4500
001 vtls001397415
003 SK-MaSNL
005 20260301071621.0
008 251113s1999 xv r 00000 slv
020 |a 9616242253 
035 |a SNK000351820 
040 |a SNK  |b slo  |c SNK  |e AACR2 
041 0 |a slv 
044 |a xv  |c SI 
080 |a 808.63-56  |2 1981 
100 1 |a Orešnik, Janez  |4 aut  |9 283507 
245 1 0 |a Krepke in šibke dvojnice v skladnji  |c Janez Orešnik 
260 |a Ljubljana  |b Slovenska akademija znanosti in umetnosti  |c 1999 
300 |a 207 s.  |c 24 cm 
490 1 |a Dela  |v 50 
500 |a Súbež. názov a čiast. text angl. 
650 0 7 |a slovinčina  |2 SNKPH  |9 1343 
810 2 |a Slovenska akademija znanosti in umetnosti (Ljubljana, Slovinsko)  |t Dela  |9 389683 
919 |a 961-6242-25-3 
958 |a SI 
999 |c 638406  |d 640336 
952 |t P60, <04>, [BOOK], {604}  |a SNK  |b SNK  |y VYP  |7 0  |p 17A0260410  |o snkIC 129140  |i snkV 42/2001  |0 0  |1 0  |4 0  |d 2001-01-30  |l 0  |r 2005-01-02 00:00:00  |w 2026-02-23